000 00630nam a2200193Ia 4500
003 GCL
008 140319s9999 xx 000 0 ara d
040 _aGCL /
_cGCL
082 0 4 _a214
_bح ت
100 1 _aحسين محمد سليمان
245 1 0 _aالتراث العربى الاسلامى: دراسة تاريخية مقارنة /
_cحسين محمد سليمان
260 _a[S.N] :
_bلجنة الاعلام والدراسات المستقبلية ،
_c1987
300 _a287 ص
490 _a
650 0 4 _aالاسلام
650 0 4 _aالتراث
650 0 4 _aالتراث الاسلامى
942 _2ddc
_cBK
999 _c53338
_d53338